01748nam a22001577a 4500999001900000008004100019100003700060245008600097260004500183300003600228520114600264773004501410906001701455942000701472952011101479 c524130d524130231030b ||||| |||| 00| 0 eng d aAmit and Bhatia, Kareena 945226 aIndian defense budget and nation building: A study of trends of last two decades  aBihar Journal of Public Administration  a20(1), Jan-Jun, 2023: p.158-169 aThe Indian budget has been allocating the substantial share to Ministry of Defence over the years, including expenditure on pension. This makes an imperative to analyse the trends of allocations in relation to general budget and the GDP of the country as well as its contribution to nation building. As such, the present paper attempts to examine the defence budget in the light of Union Government expenditure from post economic reforms period, especially from1998 to 2019 through micro-analysis of one Army Plan and traces its contribution to the nation building. The analysis of two decades of annual budgets suggest that on an annual average of 2.6 per cent of Central Government expenditure is reverted back to the national economy from Army expenditure, apart from almost similar contribution from Navy and Air Force. Further, it indicates that there have been deficiencies in military modernisation, however, the Government of India has enhanced the exports in defence sector. Finally, the present paper explores the key areas for sustaining in future. – Reproduced http://www.iipabiharbranch.org/upload/Journal%20Volume%20XX.pdf  aBihar Journal of Public Administration  aARMED FORCES cAR 00102ddc40709399181aIIPAbIIPAd2023-10-30h20(1), Jan-Jun, 2023: p.158-169pAR130006r2023-10-30yAR